000 00317nam a22001457a 4500
008 221005b ||||| |||| 00| 0 eng d
020 _a9781609139711
041 _aeng
080 _a61
082 _a61 SAD
100 _a1
101 _aMJEKSI
245 _aSYNOPSIS OF PSYCHIATRY
_cSADOCK .B.J
942 _2udc
_cBK
999 _c58357
_d58357